| 000 | 01000nas a2200313 4500 | ||
|---|---|---|---|
| 001 | BR2019001887 | ||
| 003 | BR-BrBNA | ||
| 005 | 20231205132006.0 | ||
| 007 | ta | ||
| 008 | 230509b bl.|||p| |||| 00| 00por d | ||
| 040 |
_aBR-BrBNA _bpor _cBiblioteca Nacional de Agricultura |
||
| 041 | _a(En) | ||
| 072 | _aF04; E16 | ||
| 100 | 1 | _aYagi, R. | |
| 100 | 1 | _aSoratto, R.P. | |
| 100 | 1 | _aNazareno, N.R.X. de | |
| 100 | 1 | _aSilva, H.L. da | |
| 100 | 1 | _aDzierwa, A. de C. | |
| 245 | 1 | _aTuber yield and economic result of 'Atlantic' potato in response to NPK fertilizer formulas | |
| 650 | _aBATATA | ||
| 650 | _aADUBO MINERAL | ||
| 650 | _aEXIGÊNCIA NUTRICIONAL | ||
| 650 | _aANÁLISE ECONÔMICA | ||
| 650 | _aRENDIMENTO | ||
| 773 | 0 |
_tHorticultura Brasileira (Brazil) _xISSN 1806-9991 _g(Oct-Dec 2019), v. 37(4) p. 379-383 _wBR2019001887 |
|
| 856 | 4 | 0 | _uhttp://www.scielo.br/pdf/hb/v37n4/1806-9991-hb-37-04-379.pdf |
| 909 |
_a202311 _bLúcia _c55 _dLúcia Elande |
||
| 942 |
_2AGRIS _n0 _cANA |
||
| 999 |
_c257856 _d257856 |
||